000 02064nam a22002057a 4500
999 _c358250
_d358250
003 IT-MiCISF
005 20190416115448.0
008 190416b ||||| |||| 00| 0 eng d
040 _cIT-MiCISF
041 _ait
100 _aMattson Daniel C.
_957807
245 _aPerchè non mi definisco gay
_bCome mi sono riappropriato della mia realtà sessuale e ho trovato la pace
260 _aSiena
_bCantagalli
_c2018
300 _app. 347
500 _aomosessualità, fede, chiesa, esperienze
520 _aDaniel un tempo credeva di "essere gay". Nato e cresciuto nel Michigan, in una famiglia cristiana, è sempre stato consapevole, fin dall'età di sei anni, della sua attrazione per gli uomini. Per anni ha vissuto in una costante tensione tra la fede in Dio e le sue attrazioni sessuali. Ma il conflitto tra i suoi desideri e gli insegnamenti della Chiesa era troppo forte, così ne dedusse di "essere gay" e iniziò una relazione con un uomo. Eppure libertà e felicità continuavano a sfuggirgli. Quelli del liceo sono anni di dubbi, di pianti, di sofferenza. È giusto definire l'identità di una persona solo in base alle sue preferenze sessuali? Etichettarsi come fossimo soltanto un prodotto delle nostre attrazioni sessuali? È corretto "definirsi gay"? Per anni, questa etichetta è stata per Dan la sua prigione. Prenderne consapevolezza lo ha reso finalmente un uomo libero: libero di accettare la sua omosessualità e non per questo sentirsi in colpa; libero di rifiutare di definire se stesso in modo riduttivo. Perché oltre la nostra sessualità, oltre ogni ideologia, esiste una verità sull'identità di ciascuno di noi: siamo fatti a immagine di chi ci ha creati, di chi ci ha amato e ci ama da sempre così come siamo. Una biografia sincera, in cui Mattson ci racconta il suo viaggio di andata e ritorno dall'identità gay e di come oggi ha finalmente ritrovato la serenità. Ma più di ogni altra cosa, la sua libertà. Prefazione del cardinale Roberto Sarah.
650 _asessualità
_956091
654 _asaggio
942 _2ddc
_cBK